[Event "Vaujany op-B 8th"]
[Site "Vaujany"]
[Date "2017.07.16"]
[Round "4.12"]
[White "Tonnaire, Romain"]
[Black "Skomorokhina, Ekaterina"]
[Result "1/2-1/2"]
[WhiteElo "1628"]
[BlackElo "1812"]
[PlyCount "73"]
[EventDate "2017.07.13"]
[EventType "swiss"]
[EventRounds "9"]
[EventCountry "FRA"]
[SourceTitle "EXT 2020"]
[Source "ChessBase"]
[SourceDate "2019.10.17"]
[SourceVersion "1"]
[SourceVersionDate "2019.10.17"]
[SourceQuality "1"]

1. d4 Nf6 2. c4 e6 3. Nf3 Bb4+ 4. Bd2 Qe7 5. a3 Bxd2+ 6. Nbxd2 d6 7. e4 e5 8. d5 0-0 9. Bd3 Nbd7 10. b4 Ne8 11. 0-0 g6 12. Qc2 Ng7 13. Rac1 f5 14. c5 Rf7 15. c6 Nf8 16. cxb7 Bxb7 17. Nc4 f4 18. Na5 Bc8 19. Nc6 Qf6 20. Ne1 g5 21. f3 h5 22. Qe2 g4 23. Ba6 Bd7 24. Bb7 Re8 25. Nxa7 g3 26. Bc6 Qh4 27. h3 Bxc6 28. Nxc6 Nh7 29. a4 Ra8 30. a5 Ng5 31. Ra1 Ne8 32. a6 Nf6 33. b5 Nfh7 34. a7 Nxh3+ 35. gxh3 Ng5 36. Qg2 Nxh3+ 37. Kh1 1/2-1/2

[Event "Vaujany op-B 8th"]
[Site "Vaujany"]
[Date "2017.07.14"]
[Round "2.5"]
[White "Juncker, Jules"]
[Black "Skomorokhina, Ekaterina"]
[Result "0-1"]
[WhiteElo "1699"]
[BlackElo "1812"]
[PlyCount "74"]
[EventDate "2017.07.13"]
[EventType "swiss"]
[EventRounds "9"]
[EventCountry "FRA"]
[SourceTitle "EXT 2020"]
[Source "ChessBase"]
[SourceDate "2019.10.17"]
[SourceVersion "1"]
[SourceVersionDate "2019.10.17"]
[SourceQuality "1"]

1. d4 Nf6 2. Nf3 e6 3. g3 b6 4. Bg2 Bb7 5. 0-0 Be7 6. c4 0-0 7. Nc3 d6 8. Bg5 Nbd7 9. Qc2 Re8 10. Rfd1 h6 11. Bf4 Bf8 12. Rac1 a6 13. d5 e5 14. Be3 g6 15. Bh3 Nh5 16. Nh4 Bg7 17. Nxg6 fxg6 18. Qxg6 Nhf6 19. Bxh6 Qe7 20. Bxg7 Qxg7 21. Qxg7+ Kxg7 22. Bf5 Nf8 23. h4 Bc8 24. Bxc8 Raxc8 25. b4 Ng6 26. c5 e4 27. Rd4 Re5 28. c6 Ne7 29. Rcd1 Rh8 30. b5 a5 31. f3 exf3 32. exf3 Rhh5 33. Kf2 Nexd5 34. g4 Nxc3 35. gxh5 Nxd1+ 36. Rxd1 Rxh5 37. Re1 Kf7 0-1

[Event "Vaujany op-B 8th"]
[Site "Vaujany"]
[Date "2017.07.13"]
[Round "1.7"]
[White "Skomorokhina, Ekaterina"]
[Black "Meyer, Nicolas"]
[Result "1-0"]
[WhiteElo "1812"]
[BlackElo "1604"]
[PlyCount "83"]
[EventDate "2017.07.13"]
[EventType "swiss"]
[EventRounds "9"]
[EventCountry "FRA"]
[SourceTitle "EXT 2020"]
[Source "ChessBase"]
[SourceDate "2019.10.17"]
[SourceVersion "1"]
[SourceVersionDate "2019.10.17"]
[SourceQuality "1"]

1. d4 d5 2. Bf4 e6 3. Nf3 f5 4. e3 Nf6 5. Be2 c6 6. 0-0 Be7 7. c4 0-0 8. Nc3 Ne4 9. h3 Nd7 10. Nxe4 fxe4 11. Nd2 Nf6 12. Rb1 Bd7 13. b4 Be8 14. c5 a6 15. a4 Nd7 16. b5 e5 17. Bg3 exd4 18. exd4 axb5 19. axb5 Bg6 20. bxc6 bxc6 21. Ra1 Bg5 22. f4 Bf6 23. Nb3 Rxa1 24. Qxa1 Qe7 25. f5 Be8 26. Bd6 Qf7 27. Bxf8 Qxf8 28. Qa4 Bh4 29. Qxc6 Nf6 30. Qe6+ Bf7 31. Qb6 e3 32. c6 Bf2+ 33. Rxf2 exf2+ 34. Kf1 Qd6 35. Nd2 Bh5 36. Qb7 Bxe2+ 37. Kxe2 Nh5 38. c7 Qe7+ 39. Kd1 Qe1+ 40. Kc2 h6 41. c8Q+ Kh7 42. Qe6 1-0

[Event "Vaujany op-A 7th"]
[Site "Vaujany"]
[Date "2016.07.19"]
[Round "4"]
[White "Skomorokhina, Ekaterina"]
[Black "Zachary, Matheo"]
[Result "0-1"]
[WhiteElo "1919"]
[BlackElo "2130"]
[PlyCount "128"]
[EventDate "2016.07.16"]
[EventType "swiss"]
[EventRounds "9"]
[EventCountry "FRA"]
[SourceTitle "EXT 2019"]
[Source "ChessBase"]
[SourceDate "2018.10.10"]
[SourceVersion "1"]
[SourceVersionDate "2018.10.10"]
[SourceQuality "1"]

1. d4 Nf6 2. Bf4 e6 3. e3 c5 4. c3 Nc6 5. Nf3 d5 6. Nbd2 Bd6 7. Bg3 0-0 8. Bd3 b6 9. Ne5 Bb7 10. f4 Ne7 11. Qf3 Nf5 12. Bf2 Be7 13. 0-0 Nd6 14. Qh3 Nfe4 15. Ndf3 Nf5 16. Rad1 Qe8 17. g4 Nfd6 18. Nd2 f6 19. Nef3 Qg6 20. Qh5 Qxh5 21. gxh5 a5 22. Bb1 a4 23. Nxe4 Nxe4 24. a3 Bc6 25. f5 Kf7 26. fxe6+ Kxe6 27. Bg3 Be8 28. h6 Nxg3 29. hxg7 Rg8 30. hxg3 Rxg7 31. Kf2 Bd6 32. Rg1 Bc6 33. Nh4 Bc7 34. Nf5 Rg5 35. Nh4 Rag8 36. g4 h5 37. Bh7 Rh8 38. Bf5+ Kf7 39. Nf3 Rg7 40. gxh5 Rxh5 41. Be6+ Kf8 42. Rxg7 Kxg7 43. Rg1+ Kf8 44. Rg6 Ke7 45. Bg4 Rh1 46. Bf5 Ra1 47. Rg2 Bd6 48. Bd3 Rd1 49. Bc2 Ra1 50. Bd3 Ke6 51. Ke2 Be8 52. Kd2 Bh5 53. Nh4 Bf8 54. Ng6 Bxg6 55. Bxg6 cxd4 56. cxd4 b5 57. Kc3 Bxa3 58. Bd3 b4+ 59. Kc2 b3+ 60. Kc3 Rc1+ 61. Bc2 Rxc2+ 62. Rxc2 bxc2 63. Kxc2 Bb4 64. Kd3 Kf5 0-1

[Event "Vaujany op-A 7th"]
[Site "Vaujany"]
[Date "2016.07.18"]
[Round "3"]
[White "Juhasz, Barbara"]
[Black "Skomorokhina, Ekaterina"]
[Result "1-0"]
[WhiteElo "2179"]
[BlackElo "1919"]
[PlyCount "127"]
[EventDate "2016.07.16"]
[EventType "swiss"]
[EventRounds "9"]
[EventCountry "FRA"]
[SourceTitle "EXT 2019"]
[Source "ChessBase"]
[SourceDate "2018.10.10"]
[SourceVersion "1"]
[SourceVersionDate "2018.10.10"]
[SourceQuality "1"]

1. e4 e6 2. d3 d5 3. Nd2 Be7 4. Ngf3 Nf6 5. g3 c5 6. Bg2 Nc6 7. 0-0 0-0 8. Re1 b5 9. e5 Nd7 10. Nf1 a5 11. h4 Ba6 12. Bf4 b4 13. N1h2 a4 14. a3 bxa3 15. bxa3 c4 16. d4 Na7 17. Ng5 g6 18. Nh3 Nb5 19. Bg5 Rc8 20. Ng4 Re8 21. Qd2 h5 22. Nh2 c3 23. Qf4 Bxg5 24. Nxg5 Qe7 25. g4 Rc4 26. Ngf3 Nxa3 27. Rxa3 Qxa3 28. gxh5 Qe7 29. Ng4 Rf8 30. Nf6+ Kg7 31. h6+ Kh8 32. Nxd7 Ra8 33. Nb6 Ra7 34. Nxc4 Bxc4 35. Bf1 Bxf1 36. Kxf1 a3 37. Qf6+ Qxf6 38. exf6 Kh7 39. Ke2 a2 40. Ra1 Kxh6 41. Ke3 Kh5 42. Kf4 Kh6 43. Ke5 Kh7 44. Kf4 Kh6 45. Ne1 Ra4 46. Ke5 Kh5 47. Nd3 Kg4 48. Nc1 Rb4 49. Nb3 Ra4 50. f4 Kf3 51. Nc5 Ra8 52. Kd6 Ke2 53. Nxe6 Ra6+ 54. Ke7 Ra7+ 55. Ke8 fxe6 56. f7 Kd2 57. f8Q Kxc2 58. Qb4 Ra8+ 59. Kf7 Ra6 60. Qb5 Ra3 61. Kxg6 Kd2 62. Qf1 c2 63. Qc1+ Kc3 64. Qxa3+ 1-0

[Event "Vaujany op-A 7th"]
[Site "Vaujany"]
[Date "2016.07.16"]
[Round "1"]
[White "Rooze, Jan"]
[Black "Skomorokhina, Ekaterina"]
[Result "1-0"]
[WhiteElo "2322"]
[BlackElo "1919"]
[PlyCount "97"]
[EventDate "2016.07.16"]
[EventType "swiss"]
[EventRounds "9"]
[EventCountry "FRA"]
[SourceTitle "EXT 2019"]
[Source "ChessBase"]
[SourceDate "2018.10.10"]
[SourceVersion "1"]
[SourceVersionDate "2018.10.10"]
[SourceQuality "1"]

1. e4 c5 2. Nf3 d6 3. Bb5+ Bd7 4. Bxd7+ Qxd7 5. 0-0 g6 6. c3 Nf6 7. e5 dxe5 8. Nxe5 Qc7 9. d4 cxd4 10. cxd4 Bg7 11. Bf4 Nh5 12. Be3 0-0 13. Nc3 a6 14. Rc1 Nc6 15. Nd5 Qd6 16. Nb6 Rad8 17. Nxc6 bxc6 18. Qa4 Bxd4 19. Rxc6 Qe5 20. Nc4 Qe4 21. Rxa6 Bxe3 22. Nxe3 Rd4 23. Qc6 Qxc6 24. Rxc6 Rd2 25. Rc2 Rfd8 26. Rfc1 Nf4 27. Rxd2 Rxd2 28. Rc2 Rd3 29. Kf1 Kg7 30. g3 Ne6 31. Ke2 Rd6 32. Rd2 Ra6 33. b3 Nc7 34. Nd1 e5 35. Nc3 Ne6 36. Nb5 Rb6 37. a4 Nc5 38. Rb2 Rb8 39. Kd2 Ne4+ 40. Kc1 Nc5 41. Kb1 Rd8 42. Ka2 Rd1 43. Nc3 Rd3 44. Rc2 f5 45. Ka3 g5 46. Kb4 Ne6 47. Nb5 Rd5 48. Rc6 Nd8 49. Rd6 1-0

[Event "Vaujany op-B 6th"]
[Site "Vaujany"]
[Date "2015.07.17"]
[Round "9"]
[White "David, Dorian Ciprian"]
[Black "Skomorokhina, Ekaterina"]
[Result "0-1"]
[WhiteElo "1730"]
[BlackElo "1730"]
[PlyCount "103"]
[EventDate "2015.07.08"]
[EventType "swiss"]
[EventRounds "9"]
[EventCountry "FRA"]
[SourceTitle "EXT 2017"]
[Source "ChessBase"]
[SourceDate "2016.10.25"]
[SourceVersion "1"]
[SourceVersionDate "2016.10.25"]
[SourceQuality "1"]

1. b4 d5 2. Bb2 Bg4 3. Nf3 Nd7 4. h3 Bxf3 5. exf3 Ngf6 6. c4 e6 7. a3 c6 8. f4 Bd6 9. g3 0-0 10. d3 c5 11. b5 a6 12. Be2 axb5 13. cxb5 Qa5+ 14. Qd2 Qxb5 15. Nc3 Qa5 16. 0-0 d4 17. Nb1 Qxd2 18. Nxd2 Nb6 19. Rfb1 Na4 20. Nc4 Bc7 21. Bd1 b5 22. Nd2 Nxb2 23. Rxb2 Ba5 24. Raa2 Bxd2 25. Rxd2 Nd5 26. Ra1 Nc3 27. Bf3 Ra5 28. Rb2 b4 29. Rb3 Rc8 30. Kf1 Kf8 31. Ke1 Ke7 32. Kd2 Nb5 33. Rc1 Rxa3 34. Rxb4 Ra2+ 35. Ke1 cxb4 36. Rxc8 b3 37. Rb8 b2 38. Rxb5 Ra1+ 39. Bd1 b1Q 40. Rxb1 Rxb1 41. Kd2 Kd6 42. h4 f5 43. Bc2 Rb6 44. Ba4 Rb2+ 45. Ke1 e5 46. fxe5+ Kxe5 47. Bc6 Kd6 48. Bg2 Kc5 49. Bh3 g6 50. Bg2 Kb4 51. Bd5 Kc3 52. Bg8 0-1

[Event "Nizhny Novgorod Region-ch (Women)"]
[Site "Nizhnij Novgorod"]
[Date "2014.12.04"]
[Round "6"]
[White "Golub, Marija"]
[Black "Skomorokhina, Ekaterina"]
[Result "1-0"]
[WhiteElo "1611"]
[BlackElo "1707"]
[PlyCount "115"]
[EventDate "2014.11.29"]
[EventType "swiss"]
[EventRounds "7"]
[EventCountry "RUS"]
[SourceTitle "EXT 2023"]
[Source "ChessBase"]
[SourceDate "2022.10.05"]
[SourceVersion "1"]
[SourceVersionDate "2022.10.05"]
[SourceQuality "1"]

1. e4 e6 2. d4 d5 3. Nc3 Bb4 4. e5 Ne7 5. Nf3 c5 6. a3 Bxc3+ 7. bxc3 Qa5 8. Bd2 Nd7 9. c4 Qc7 10. cxd5 exd5 11. c3 0-0 12. Bd3 f6 13. Qc2 h6 14. Bf4 fxe5 15. Bxe5 Nxe5 16. Nxe5 cxd4 17. Bh7+ Kh8 18. cxd4 Qxc2 19. Bxc2 Re8 20. 0-0 Kg8 21. Bb3 Bf5 22. g4 Be6 23. f4 Nc6 24. f5 Nxd4 25. Ba4 b5 26. Rad1 Ne2+ 27. Kf2 bxa4 28. fxe6 Nc3 29. Rd3 Rxe6 30. Rxc3 Rxe5 31. Rd1 Rb8 32. Rdd3 Rb2+ 33. Kg3 d4 34. Rxd4 Rb3 35. Rdd3 Reb5 36. Kf4 Rxc3 37. Rxc3 Rb3 38. Rc7 Rxa3 39. Rxa7 Ra1 40. Kf5 a3 41. Kg6 Kf8 42. Ra8+ Ke7 43. Kxg7 Ra2 44. h3 h5 45. g5 Rg2 46. Kh6 a2 47. Kxh5 Ke6 48. h4 Kf5 49. Ra5+ Kf4 50. g6 Kg3 51. g7 Kh3 52. Ra3+ Kh2 53. Rxa2 Rxa2 54. g8Q Ra5+ 55. Kh6 Kh3 56. h5 Ra6+ 57. Kh7 Kh4 58. Qc4+ 1-0

[Event "Nizhny Novgorod Region-ch (Women)"]
[Site "Nizhnij Novgorod"]
[Date "2014.12.02"]
[Round "4"]
[White "Skomorokhina, Ekaterina"]
[Black "Tsvetkova, Vladislava"]
[Result "1-0"]
[WhiteElo "1707"]
[BlackElo "1628"]
[PlyCount "37"]
[EventDate "2014.11.29"]
[EventType "swiss"]
[EventRounds "7"]
[EventCountry "RUS"]
[SourceTitle "EXT 2023"]
[Source "ChessBase"]
[SourceDate "2022.10.05"]
[SourceVersion "1"]
[SourceVersionDate "2022.10.05"]
[SourceQuality "1"]

1. e4 e5 2. Nf3 Nc6 3. Bb5 Nge7 4. 0-0 g6 5. c3 Bg7 6. d4 exd4 7. cxd4 d5 8. exd5 Nxd5 9. Re1+ Be6 10. Bxc6+ bxc6 11. Ng5 0-0 12. Nxe6 fxe6 13. Qg4 Nb4 14. Qxe6+ Kh8 15. Qe2 Qxd4 16. Rd1 Rae8 17. Qf1 Nd3 18. Rxd3 Qxf2+ 19. Qxf2 1-0